<?xml version="1.0" encoding="UTF-8"?>
<record
    xmlns:xsi="http://www.w3.org/2001/XMLSchema-instance"
    xsi:schemaLocation="http://www.loc.gov/MARC21/slim http://www.loc.gov/standards/marcxml/schema/MARC21slim.xsd"
    xmlns="http://www.loc.gov/MARC21/slim">

  <leader>00359nam a22001217a 4500</leader>
  <datafield tag="082" ind1=" " ind2=" ">
    <subfield code="a">297</subfield>
    <subfield code="b">GUM</subfield>
    <subfield code="c">M</subfield>
  </datafield>
  <datafield tag="100" ind1=" " ind2=" ">
    <subfield code="a">Gumtalvi, Mulana Mufti Syed abdul karim </subfield>
    <subfield code="9">51116</subfield>
  </datafield>
  <datafield tag="245" ind1=" " ind2=" ">
    <subfield code="a">&#x628;&#x627;&#x631;&#x6C1; &#x645;&#x6C1;&#x6CC;&#x646;&#x648;&#x6BA; &#x6A9;&#x6D2; &#x641;&#x636;&#x627;&#x626;&#x644; &#x648;&#x627;&#x62D;&#x6A9;&#x627;&#x645;</subfield>
  </datafield>
  <datafield tag="260" ind1=" " ind2=" ">
    <subfield code="a">Lahore,</subfield>
    <subfield code="b">Maktab ul asim,</subfield>
    <subfield code="c">2008.</subfield>
  </datafield>
  <datafield tag="300" ind1=" " ind2=" ">
    <subfield code="a">208p.</subfield>
  </datafield>
  <datafield tag="526" ind1=" " ind2=" ">
    <subfield code="a">0</subfield>
    <subfield code="b">0</subfield>
    <subfield code="c">0</subfield>
    <subfield code="d">297_000000000000000_GUM</subfield>
  </datafield>
  <datafield tag="942" ind1=" " ind2=" ">
    <subfield code="2">ddc</subfield>
    <subfield code="c">BK</subfield>
  </datafield>
  <datafield tag="999" ind1=" " ind2=" ">
    <subfield code="c">553868</subfield>
    <subfield code="d">553868</subfield>
  </datafield>
  <datafield tag="952" ind1=" " ind2=" ">
    <subfield code="0">0</subfield>
    <subfield code="1">0</subfield>
    <subfield code="2">ddc</subfield>
    <subfield code="4">0</subfield>
    <subfield code="7">0</subfield>
    <subfield code="a">MCE</subfield>
    <subfield code="b">MCE</subfield>
    <subfield code="d">2017-05-15</subfield>
    <subfield code="l">0</subfield>
    <subfield code="o">297 GUM</subfield>
    <subfield code="p">MCE-M127</subfield>
    <subfield code="r">2017-05-15</subfield>
    <subfield code="w">2017-05-15</subfield>
    <subfield code="y">BK</subfield>
  </datafield>
</record>
